000 00428 a2200157 4500
005 20260328111738.0
008 260313b |||||||| |||| 00| 0 eng d
020 _a9789357324496
080 _aFM
_bPAD/I
100 _a Padmarajan,P
245 _aItha ividevare(ഇതാ ഇവിടെവരെ)
260 _bD C books.
_aKottayam.
_c2024.
300 _a96p.
653 _aFiction-Novel-Malayalam Literature
942 _cBK
999 _c115342
_d115341